000 00787nab a2200241u 4500
001 16671
003 HDC
007 c| |||a|c|aaaa
008 210219b20140603my ||||| |||| 00| 0 may d
040 _aHDC
100 _aAhmad Suhael Adnan /
_eauthor
_99591
245 0 _aPengguna keliru status halal coklat /
_cAhmad Suhael Adnan
336 _atext
_2rdacontent
337 _acomputer
_2rdamedia
338 _aonline resource
_2rdacarrier
650 _aCadbury chocolate
_916387
650 _apig DNA (porcine)
_915846
710 _aBERITA HARIAN
856 _zRequest full-text at [email protected]
942 _2lcc
942 _cNEWS
942 _kNWSC 004910
999 _c13987
_d13987